00505nam a2200193Ii 450000100060000000300090000600800410001502000150005604000330007104100080010408200160011210000170012824500260014526400470017130000120021833600260023033700280025633800270028412992CO-ViMGA241108s9999||||xx |||||||||||||| ||und|| a9589433073 aCO-ViMGAbspaerdacCO-ViMGA0 aspa04a006.6 D124s1 aHenry Dackar10aSonido por computador 1aBogotá, Colombia : Gráficas Beta, 1997 avolumen atextbtxt2rdacontent aunmediatedbn2rdamedia avolumebnc2rdacarrier